Cicerón y sus amigos, I : (Record no. 97606)

MARC details
000 -CABECERA
campo de control de longitud fija 00586nam a2200193 a 4500
005 - FECHA Y HORA DE LA ÚLTIMA TRANSACCIÓN
campo de control 20210219154445.0
008 - ELEMENTOS DE LONGITUD FIJA--INFORMACIÓN GENERAL
campo de control de longitud fija 030611s1986 mx r 000 0 spa d
020 ## - NÚMERO INTERNACIONAL NORMALIZADO PARA LIBROS
Número Internacional Estándar del Libro 9681620461
035 ## - NÚMERO DE CONTROL DEL SISTEMA
Número de control de sistema UPN01000125427
049 ## - COLECCIÓN
Colección SEP
050 #4 - SIGNATURA TOPOGRÁFICA DE LA BIBLIOTECA DEL CONGRESO
Número de clasificación AC70
Número de documento/Ítem B55 no.41
100 1# - ASIENTO PRINCIPAL--NOMBRE PERSONAL
Nombre de persona Boissier, Gastón
245 10 - MENCIÓN DE TÍTULO
Título Cicerón y sus amigos, I :
Resto del título estudio de la sociedad romana del tiempo de César /
Mención de responsabilidad, etc. Gaston Beissier.
260 ## - PUBLICACIÓN, DISTRIBUCIÓN, ETC.
Lugar de publicación, distribución, etc. México :
Nombre del editor, distribuidor, etc. SEP :
-- CREA :
-- FCE,
Fecha de publicación, distribución, etc. 1986.
300 ## - DESCRIPCIÓN FÍSICA
Extensión 2 v.
440 #0 - MENCIÓN DE SERIE/ASIENTO SECUNDARIO--TÍTULO
Título Biblioteca joven ;
Designación de volumen o secuencia 41-42
600 14 - ASIENTO SECUNDARIO DE MATERIA - NOMBRE PERSONAL
Nombre de persona CICERON, MARCO TULIO,
Fechas asociadas al nombre 106-43 A.C.
905 ## - TIPO DE MATERIAL
Tipo de material Libro
Holdings
Estado de retiro Estado de pérdida Fuente del sistema de clasificación o colocación Estado dañado No para préstamo Código de colección Localización permanente Ubicación/localización actual Ubicación en estantería Fecha de adquisición Clasificación Código de barras Fecha visto por última vez Número de copia Tipo de ítem Koha
    Library of Congress Classification   Coleccion SEP Colección SEP Bib. Gregorio Torres Quintero Bib. Gregorio Torres Quintero Colección SEP 09/05/2023 AC70 B55 no.41 73551 31/12/2020 1 Libro